Detekcia falošných správ

Salvato in:
Dettagli Bibliografici
Autore principale: Ferančík, Šimon (Autore)
Altri autori: Šeleng, Martin (Relatore della tesi)
Natura: Manoscritto Libro
Lingua:slovacco
Pubblicazione: 2022
Soggetti:
Accesso online:http://is.stuba.sk/zp/portal_zp.pl?podrobnosti=163984
Tags: Aggiungi Tag
Nessun Tag, puoi essere il primo ad aggiungerne!!

MARC

LEADER 00000ntm a22000003a 4500
001 stuzp90695
003 SK-STU
005 20220618212045.2
007 ta
008 150427s2015----xo-----f-mn---000-0-slo-d
040 |a STU  |b slo 
041 0 |a slo 
100 1 |a Ferančík, Šimon  |u 070200  |4 aut  |U FIIT Fakulta informatiky a informačných technológií  |T FIIT Ústav informatiky, informačných systémov a softvérového inžinierstva  |X 92016  |U I200  |Y 179  |7 92016 
242 0 1 |a Fake News Detection  |y eng 
245 1 0 |a Detekcia falošných správ 
260 |c 2022 
650 4 |a falošné správy  |2 slo 
650 4 |a detekcia  |2 slo 
650 4 |a hlboké učenie  |2 slo 
650 4 |a strojové učenie  |2 slo 
650 4 |a fake news  |2 eng 
650 4 |a detection  |2 eng 
650 4 |a machine learning  |2 eng 
650 4 |a deep learning  |2 eng 
700 1 |a Šeleng, Martin  |4 ths  |X 52525  |7 A000052525 
856 4 |u http://is.stuba.sk/zp/portal_zp.pl?podrobnosti=163984